|
|
|
|
| LEADER |
00000nam0a2200000 4500 |
| 001 |
27432 |
| 005 |
20231101205808.0 |
| 010 |
|
|
|a 5323000171
|
| 035 |
|
|
|a (RuTPU)RU\TPU\book\27683
|
| 035 |
|
|
|a BOOK00027758
|
| 090 |
|
|
|a 27432
|
| 100 |
|
|
|a 20011209d2000 k y0rusy50 ca
|
| 101 |
1 |
|
|a rus
|c ger
|
| 102 |
|
|
|a RU
|
| 105 |
|
|
|a y z 000zb
|
| 200 |
1 |
|
|a Избранное
|e пер. с нем.
|f Э. Кассирер
|
| 210 |
|
|
|a Москва
|c Университетская книга
|d 2000
|
| 215 |
|
|
|a 654 с.
|
| 225 |
1 |
|
|a Книга света
|
| 517 |
1 |
|
|a Индивид и космос
|
| 600 |
|
1 |
|a Кассирер
|b Э.
|c немецкий философ
|f 1874-1945
|g Эрнст
|2 stltpush
|3 (RuTPU)RU\TPU\pers\13441
|9 4095
|
| 606 |
1 |
|
|a Немецкая философия
|z 2 пол. 19 в. -1949 г.
|2 stltpush
|3 (RuTPU)RU\TPU\subj\45373
|9 64617
|
| 610 |
1 |
|
|a философия
|
| 610 |
1 |
|
|a история
|
| 610 |
1 |
|
|a 20 век
|
| 610 |
1 |
|
|a культура
|
| 610 |
1 |
|
|a символические формы
|
| 610 |
1 |
|
|a Возрождения эпоха
|
| 686 |
|
|
|a Ю3(4Г)6
|v LBC/SL-A
|2 rubbk
|
| 700 |
|
1 |
|a Кассирер
|b Э.
|c немецкий философ
|f 1874-1945
|g Эрнст
|2 stltpush
|3 (RuTPU)RU\TPU\pers\13441
|9 4095
|
| 801 |
|
0 |
|a RU
|b 63413507
|c 20011209
|g PSBO
|
| 801 |
|
2 |
|a RU
|b 63413507
|c 20141114
|g PSBO
|
| 900 |
|
|
|a Философия
|
| 942 |
|
|
|c BK
|